| 000 | 00688nam a2200229 a 4500 | ||
|---|---|---|---|
| 999 |
_c1769 _d1769 |
||
| 001 | 19484 | ||
| 003 | BD-DhUAP | ||
| 005 | 20200216124324.0 | ||
| 008 | 200216s2004 bg w 000 0 eng d | ||
| 040 |
_aBD-DhAAL _cBD-DhAAL _bEng _dBD-DhUAP |
||
| 082 | 0 | 0 |
_a348.5492046 BAN _223 |
| 245 | 0 | 4 |
_aThe Bangladesh law chronicles : _ba monthly law journal / _cEdited by Syed Mokaddas Ali. |
| 260 |
_aDhaka : _bBangladesh Law Chronicles, _cc2004. |
||
| 300 |
_avolumes ; _c25 cm. |
||
| 310 | _aMonthly | ||
| 505 | _aV. 9-- | ||
| 650 | 0 |
_aLaw reports, digests, etc. _zBangladesh. |
|
| 700 | _aAli, Syed Mokaddas. | ||
| 942 | 0 | 0 |
_2ddc _cBK |